Strategic management : (Record no. 1919)

MARC details
000 -LEADER
fixed length control field 00706cam a22002292 4500
001 - CONTROL NUMBER
control field 0000001662
005 - DATE AND TIME OF LATEST TRANSACTION
control field 20151217145725.0
008 - FIXED-LENGTH DATA ELEMENTS--GENERAL INFORMATION
fixed length control field 070321s xx 000 0 eng d
020 ## - INTERNATIONAL STANDARD BOOK NUMBER
International Standard Book Number 0873936183 :
040 ## - CATALOGING SOURCE
Original cataloging agency KABU
Transcribing agency KABU
050 #0 - LIBRARY OF CONGRESS CALL NUMBER
Classification number HD30.28
Item number .D54 1997
100 1# - MAIN ENTRY--PERSONAL NAME
Personal name Digman, Lester A.
-- 0000150595
245 10 - TITLE STATEMENT
Title Strategic management :
Remainder of title concepts, processes, decisions /
Statement of responsibility, etc. Lester A. Digman.
250 ## - EDITION STATEMENT
Edition statement 4th ed.
260 ## - PUBLICATION, DISTRIBUTION, ETC. (IMPRINT)
Place of publication, distribution, etc. Houston, TX :
Name of publisher, distributor, etc. Dame Publications,
Date of publication, distribution, etc. 1997.
300 ## - PHYSICAL DESCRIPTION
Extent 1 v. (various pagings) :
Other physical details ill. ;
Dimensions 24 cm.
650 #0 - SUBJECT ADDED ENTRY--TOPICAL TERM
Topical term or geographic name as entry element Strategic planning.
-- 0000150576
908 ## - PUT COMMAND PARAMETER (RLIN)
Put command parameter 070321
950 ## - LOCAL HOLDINGS (RLIN)
-- 1
Holdings
Withdrawn status Lost status Source of classification or shelving scheme Not for loan Home library Current library Date acquired Total Checkouts Full call number Barcode Date last seen Date last checked out Price effective from Koha item type
    Library of Congress Classification   Kabarak, Main Campus Kabarak, Main Campus 17/12/2015 3 HD30.28 .D54 1997 002560 02/08/2024 18/10/2018 17/12/2015 General Collection
Designed with assistance from East African Informatics Ltd